Memorias de la Real Academia de Ciencias (Record no. 173869)
[ view plain ]
| 000 -LEADER | |
|---|---|
| campo de control de longitud fija | 01164nam a2200217 i 4500 |
| 001 - NÚMERO DE CONTROL | |
| campo de control | 173869 |
| 003 - IDENTIFICADOR DE NÚMERO DE CONTROL | |
| campo de control | ES-MaACL |
| 005 - FECHA Y HORA DE LA ÚLTIMA TRANSACCIÓN | |
| campo de control | 20250928112520.0 |
| 007 - CAMPO FIJO DE DESCRIPCIÓN FÍSICA--INFORMACIÓN GENERAL | |
| campo de control de longitud fija | t| |
| 008 - DATOS DE LONGITUD FIJA--INFORMACIÓN GENERAL | |
| campo de control de longitud fija | 100127m18871889sp f |||| | spa d |
| 110 2# - ENTRADA PRINCIPAL--NOMBRE DE ENTIDAD CORPORATIVA | |
| Nombre de entidad corporativa o nombre de jurisdicción como elemento de entrada | Real Academia de Ciencias Exactas, Físicas y Naturales de España. |
| 9 (RLIN) | 175635 |
| 245 10 - MENCIÓN DEL TÍTULO | |
| Título | Memorias de la Real Academia de Ciencias |
| Fechas predominantes | 1887-1889. |
| 260 ## - PUBLICACIÓN, DISTRIBUCIÓN, ETC. | |
| Lugar de publicación, distribución, etc. | Madrid : |
| Nombre del editor, distribuidor, etc. | [s.n.], |
| Fecha de publicación, distribución, etc. | 1887 (Imp. de la Viuda e Hijo de Aguado) |
| 300 ## - DESCRIPCIÓN FÍSICA | |
| Extensión | 1 v. ; |
| Dimensiones | 28 cm. |
| 505 8# - NOTA DE CONTENIDO CON FORMATO | |
| Nota de contenido con formato | Contiene: t. XIII ; |
| Título | Teorías, suposiciones, discordancias, misterios, comprobaciones e ignorancia sobre cuestiones biológico-ontogénicas y fisiológicas de los afidios / |
| Mención de responsabilidad | M.P. Graells (45 p., 1 de lám. col.). -- |
| Título | El artificio de Juanelo y el puente de Julio César / |
| Mención de responsabilidad | Luis de la Escosura y Morrogh (109 p., 1 h. de lám. pleg.). -- |
| Título | Las ballenas en las costas oceánicas de España / |
| Mención de responsabilidad | M.P. Graells (115 p., 9 h. de lám. pleg.) |
| 600 14 - PUNTO DE ACCESO ADICIONAL DE MATERIA--NOMBRE DE PERSONA | |
| Nombre de persona | Turriano, Juanelo. |
| 9 (RLIN) | 149040 |
| 700 1# - ENTRADA AGREGADA--NOMBRE PERSONAL | |
| Nombre de persona | Graells, Mariano de la Paz, |
| Fechas asociadas al nombre | 1809-1898 |
| 9 (RLIN) | 127520 |
| 700 1# - ENTRADA AGREGADA--NOMBRE PERSONAL | |
| Nombre de persona | Escosura Morrogh, Luis de la, |
| Fechas asociadas al nombre | 1821-1904 |
| 9 (RLIN) | 126953 |
| 852 ## - LOCALIZACIÓN | |
| Ubicación | ES-MaACL |
| Número de control de estantería | K-228 |
| Estatus retirado | Estado de pérdida | Estado de daño | No para préstamo | Colección | Biblioteca de origen | Biblioteca actual | Ubicación en estantería | Fecha de adquisición | Total de préstamos | Signatura topográfica completa | Código de barras | Visto por última vez | Precio de reemplazo | Tipo de ítem Koha |
|---|---|---|---|---|---|---|---|---|---|---|---|---|---|---|
| Libros del s. XIX | Biblioteca del Ateneo de Madrid | Biblioteca del Ateneo de Madrid | Administración | 27/01/2010 | K-228 | 1182501 | 23/02/2023 | 23/02/2023 | Libro impreso antiguo |
